00218nam a2200085Ia 4500001000800000005001700008008004100025245004500066260002100111113660020250827005210.0250824s9999 xx 000 0 und d 0aGÜN OLUR ASRA BEDELcCENGİZ AYTMATOV bKETEBE YAYINLARI